LEADER 01004nam a2200241 i 4500 001 000000199808 003 CaOOAMICUS 005 20110328000000.0 008 110328s1968 it u000 u ita u 013 $a178500 040 $aSeMil$bita 100 1 $aKitaigorodskij, A. I.$0(OLS)http://semarc/name/72257 240 10$aPoriadoc i besporiadoc v mire atomov.$0(OLS)http://semarc/title/288834 245 10$aOrdine e disordine nel mondo degli atomi /$cA. I. Kitaigorodskij. 260 $aTorino :$bBoringhieri,$c1968. 300 $a177 p. :$bill. ;$c20 cm. 490 0 $aUniversale scientifica ;$v32. 650 4$aAtomi.$0(OLS)http://semarc/subject/37363 830 0$aUniversale scientifica ;$v32.$0(OLS)http://semarc/title/7149 850 $aSeMil 852 $aSeMil$W1$xVenegono$y1$m3X I 142$j150343$B150343$CSeMilBibl$Z2$F161696 $81 996 $6245$aOrdine e disordine nel mondo degli atomi$9(OLS)http://semarc/title/288833 996 $6260$aTorino :$bBoringhieri$9(OLS)http://semarc/publisher/30229 LEADER 01067nam a2200229 i 4500 001 000000154445 003 CaOOAMICUS 005 20130318000000.0 008 130318s1984 it u000 u ita u 013 $a131791 040 $aSeMil$bita 100 1 $aMartini, Carlo Maria,$c.$0(OLS)http://semarc/name/89159 245 10$aInsegnaci a pregare in famiglia /$cCarlo Maria Martini. 260 $aMilano :$bCentro Ambrosiano di Documentazione e Studi Religiosi,$c1984. 300 $a28 p. ;$c17 cm. 650 4$aFamiglie - Attivitą pastorale.$0(OLS)http://semarc/subject/2884 650 4$aMartini, Carlo Maria - Piani pastorali.$0(OLS)http://semarc/subject/4421 850 $aSeMil 852 $aSeMil$W1$xVenegono$y1$m5D V 19/11$j106303$B106303$CSeMilBibl$Z2$F115552 $81 961 $aRecupero: Altro 996 $6245$aInsegnaci a pregare in famiglia$9(OLS)http://semarc/title/226042 996 $6260$aMilano :$bCentro Ambrosiano di Documentazione e Studi Religiosi$9(OLS)http://semarc/publisher/30378